[Event "IECG CE.2002.0.00041 email"]
[Site "IECG email"]
[Date "2002.11.14"]
[Round "?"]
[White "Coombs, Jeff"]
[Black "Schablowsky, Ruediger"]
[Result "1/2-1/2"]
[WhiteElo "1237"]
[BlackElo "1232"]
[PlyCount "23"]
[EventDate "2002.11.14"]
[EventType "tourn (corr)"]
[EventRounds "6"]
[SourceTitle "Corr 2008"]
[Source "ChessBase"]
[SourceDate "2008.06.24"]
[SourceVersion "1"]
[SourceVersionDate "2008.06.24"]
[SourceQuality "1"]

1. Nf3 c5 2. g3 Nc6 3. Bg2 e5 4. e4 g6 5. 0-0 Bg7 6. c4 Nge7 7. Nc3 0-0 8. b3 d6 9. d3 Bg4 10. h3 Be6 11. Be3 f6 12. a3 1/2-1/2

[Event "IECG Q3.2000.0.00087"]
[Site "IECG email"]
[Date "2000.09.19"]
[Round "?"]
[White "Casser, Aaron"]
[Black "Coombs, Jeff"]
[Result "1-0"]
[WhiteElo "1233"]
[BlackElo "1237"]
[PlyCount "47"]
[EventDate "2000.09.19"]
[EventType "tourn (corr)"]
[EventRounds "6"]
[SourceTitle "Corr 2008"]
[Source "ChessBase"]
[SourceDate "2008.06.24"]
[SourceVersion "1"]
[SourceVersionDate "2008.06.24"]
[SourceQuality "1"]

1. d4 Nf6 2. c4 g6 3. Nc3 Bg7 4. e4 0-0 5. Nf3 d6 6. Be2 Nbd7 7. Bg5 h6 8. Bh4 g5 9. Bg3 c5 10. d5 a6 11. a4 Nh5 12. Qc2 Qa5 13. e5 Nxg3 14. hxg3 dxe5 15. Nxg5 f5 16. Ne6 Rf6 17. g4 fxg4 18. Nxg7 Kxg7 19. Bxg4 b5 20. cxb5 axb5 21. 0-0 Nb6 22. Bxc8 Nxc8 23. Nxb5 Qb4 24. Nc7 1-0